La última noche de Dostoievski /

Bibliographic Details
Main Author: Peri Rossi, Cristina, 1941-
Format: Book
Language:Spanish
Published: Madrid : Grijalbo Mondadori, [1992]
Series:Espejo de tinta.

MARC

Tag First Indicator Second Indicator Subfields
LEADER 00000cam a2200000 a 4500
001 in00002016376
005 20151031144421.0
008 921002s1992 sp 000 1 spa
010 |a  92223846  
020 |a 8439718373 
035 |a (OCoLC)ocm26992301 
040 |a DLC  |c DLC  |d EL$  |d TXA  |d UtOrBLW 
043 |a s-uy--- 
049 |a TXAM 
050 0 0 |a PQ8520.26.E74  |b U48 1992 
082 0 0 |a 863  |2 20 
100 1 |a Peri Rossi, Cristina,  |d 1941- 
245 1 3 |a La última noche de Dostoievski /  |c Cristina Peri Rossi. 
264 1 |a Madrid :  |b Grijalbo Mondadori,  |c [1992] 
264 4 |c ©1992 
300 |a 159 pages ;  |c 21 cm. 
336 |a text  |b txt  |2 rdacontent 
337 |a unmediated  |b n  |2 rdamedia 
338 |a volume  |b nc  |2 rdacarrier 
490 1 |a El Espejo de tinta 
830 0 |a Espejo de tinta. 
994 |a C0  |b TXA 
948 |a cataloged  |b h  |c 2004/11/30  |d c  |e blrosas  |f 2:23:58 pm 
999 |a MARS 
999 f f |s 91099060-7174-3451-b66b-c84369572a53  |i 5eb549b6-bff0-34f9-80b3-c78ee4fd07fc  |t 0 
952 f f |p normal  |a Texas A&M University  |b College Station  |c Sterling C. Evans Library  |d Evans: Library Stacks  |t 0  |e PQ8520.26.E74 U48 1992  |h Library of Congress classification  |i unmediated -- volume  |m A14831662159 
998 f f |a PQ8520.26.E74 U48 1992  |t 0  |l Evans: Library Stacks